Patnáct exlibris

Bibliographic Details
Main Author: Vkotruba, Jaroslav (Author)
Format: Book
Language:Undetermined
Published: Praha [Veraikon] 1918

MARC

LEADER 00000nam a2200000 a 4500
001 vtls001268592
003 SK-MaSNL
005 20260301003935.0
008 240318s1918 xx 0 und
035 |a SNK000219600 
040 |a SNK  |b slo  |c SNK  |e AACR2 
041 0 |a und 
044 |a xx 
100 1 |a Vkotruba, Jaroslav  |4 aut  |9 286040 
245 1 0 |a Patnáct exlibris 
260 |a Praha  |b [Veraikon]  |c 1918 
958 |a ONDV 
999 |c 540698  |d 542628 
952 |t P60, <04>, [BOOK], {604}  |a SNK  |b SNK  |y VYP  |7 0  |p 17A0025105  |o snkIC 11480  |0 0  |1 0  |4 0  |d 1996-12-02  |l 0  |r 2005-01-01 00:00:00  |w 2026-02-23